000 00738nam a2200181Ia 4500
008 100920s9999 xx 000 0 und d
082 _b47103
_a28 व 51 थ 81
100 _aमाळवाड शांतादेवी. /अनु.- हुद्दार मधुकर
245 _aकेळदी चेन्नमा.
260 _bभारत-भारती (मराठी संस्करण )बाल शिक्षण माला.
_c1981
300 _a48
_bसाधी
365 _b2
520 _aबा. वि चरित्र.
630 _aकेळदी चेन्नमा.
650 _aबा. वि चरित्र.
730 _aकेळदी चेन्नमा.
942 _cBOOK
999 _c694610
_d694607